Normal view
MARC view
Entry Personal Name
001 - CONTROL NUMBER
- control field: 1062205
003 - CONTROL NUMBER IDENTIFIER
- control field: OSt
005 - DATE AND TIME OF LATEST TRANSACTION
- control field: 20260121170310.0
008 - FIXED-LENGTH DATA ELEMENTS
- fixed length control field: 260121|| aca||aabn | a|a d
040 ## - CATALOGING SOURCE
- Original cataloging agency: OSt
- Transcribing agency: OSt
100 ## - HEADING--PERSONAL NAME
- Personal name: Piet Van Avermaet, Stef Slembrouck, Koen Van Gorp, Sven Sierens, Katrijn Maryns
670 ## - SOURCE DATA FOUND
- Source citation: Work cat.: (OSt)1627934: Piet Van Avermaet, Stef Slembrouck, Koen Van Gorp, Sven Sierens, Katrijn Maryns, The Multilingual Edge of Education
